000 01605cam a2200445 4500
001 23006
003 SK-KTurca
005 20260514145308.0
008 240207s2023 xo g 000 f slo
015 _aSNBA2024/10
020 _a9788081116339
_q(brožované)
040 _aSNK
_bslo
_cSNK
_erda
041 1 _aslo
_hger
044 _axo
_cSK
072 7 _a821.112.2-3
_xNemecká próza, nemecky písaná
_2konspekt
080 _a821.112.2-31
_22011
080 _a(0:82-311.6)
_22011
080 _a(0:82-312.6)
_22011
100 1 _aKampe, Lea, 1971-
_4aut
240 1 4 _aDer Engel von Warschau
_lSlovensky
245 1 0 _aIrena Sendler
_banjel z Varšavy : riskovala svoj život, aby zachránila deti
_cLea Kampe ; z nemeckého originálu Der Engel von Warschau preložila Karolína Kráľovičová
246 3 0 _aAnjel z Varšavy
264 1 _aBratislava
_bNOXI, s.r.o.
_c2023
300 _a451 strán
_c20 cm
336 _atext
_btxt
_2rdacontent
337 _abez média
_bn
_2rdamedia
338 _azväzok
_bnc
_2rdacarrier
500 _aObsahuje stručné biografické údaje o autorke na záložke obálky
600 1 7 _aSendler, Irena,
_d1910-2008
_2SNKMA
655 7 _anemecké romány
_2SNKPH
655 7 _ahistorické romány
_2SNKPH
655 7 _abiografické romány
_2SNKPH
655 7 _aGerman fiction
_2SNKPHeng
655 7 _aHistorical novels
_2SNKPHeng
655 7 _aBiographical novels
_2SNKPHeng
700 1 _aKráľovičová, Karolína
_4trl
787 0 8 _iZo série:
_tVýznamné ženy, ktoré menia svet
942 _2ddc
_cKLDO
_n0
999 _c23006
_d23006